000 00225nam a22000857a 4500
008 160820b xxu||||| |||| 00| 0 eng d
100 _9193
_aMishra N.K
245 _aScience Biology-X
260 _aNew Delhi
_bBharati publication
_c2009
999 _c2851
_d2851